ALLAH DE ÖTESİNİ BIRAK 2/NİYET (Record no. 881322)

MARC details
000 -LEADER
sabit uzunluktaki kontrol alanı 00256nam a2200097Ia 4500
001 - KONTROL NUMARASI
kontrol alanı 881322
005 - EN SON İŞLEMİN TARİH VE ZAMANI
kontrol alanı 20250826182637.0
008 - SABİT-UZUNLUKTA VERİ ÖĞELERİ--GENEL BİLGİ
sabit uzunluktaki kontrol alanı 250824s9999 xx 000 0 und d
245 #0 - ESER / YAZAR
ESER ADI ALLAH DE ÖTESİNİ BIRAK 2/NİYET
Yazar Adı UĞUR KOŞAR
260 ## - YAYIN, DAĞITIM, VB.
YAYIN EVİ DESTEK YAYINLARI
Holdings
Düşüm durumu Kayıp durumu Hasar Durumu Ödünç verilmez Ana kütüphane Geçerli Kütüphane Edinilen tarih Toplam ödünç verme sayısı Barkod Son görüntüleme tarihi Fiyatın geçerli olmaya başladığı tarih Koha materyal türü
        İSMAİL HAKKI TONGUÇ İMAM HATİP ORTAOKULU İSMAİL HAKKI TONGUÇ İMAM HATİP ORTAOKULU 24.08.2025   10638001 26.08.2025 26.08.2025 Books